| 000 | 00402nam a22001217a 4500 | ||
|---|---|---|---|
| 008 | 230612b xxu||||| |||| 00| 0 eng d | ||
| 082 |
_a352.4908 _bKEN |
||
| 100 | _cGOK | ||
| 245 |
_a2012/2013 Estimates of Recurrent Expenditure of the Judicial service commission for the Year Ending 30th June, 2013 _bvote R126 _cApril 2012 |
||
| 260 |
_aNairobi, Kenya _bJSC _cApril 2012 |
||
| 300 | _a4p | ||
| 942 |
_2ddc _cBK |
||
| 999 |
_c1113 _d1113 |
||